Loading...
| Mythology | 0 | 3 | 1 | 0 | 25 | 42 | 88.33 | 0 | 1 | 10.10 | 15.00 |
| Literature - World | 0 | 2 | 0 | 0 | 20 | 108 | 110.50 | 0 | 0 | 3.31 | 4.24 |
| Other Academic | 0 | 2 | 0 | 1 | 20 | 91 | 104.00 | 0 | 0 | 8.15 | 12.50 |
| Science - Chemistry | 0 | 2 | 0 | 0 | 20 | 90 | 93.50 | 0 | 0 | 1.67 | 5.83 |
| Religion | 0 | 2 | 0 | 1 | 20 | 115 | 117.50 | 0 | 0 | 0.70 | 5.08 |
| Science - Biology | 0 | 2 | 0 | 0 | 20 | 92 | 101.50 | 0 | 0 | 2.28 | 8.79 |
| Social Science | 0 | 1 | 0 | 1 | 10 | 108 | 108.00 | 0 | 0 | 0.00 | 0.83 |
| Fine Arts - Painting and Sculpture | 0 | 1 | 0 | 0 | 10 | 129 | 129.00 | 0 | 0 | 0.00 | 0.83 |
| History - Other | 0 | 1 | 0 | 0 | 10 | 113 | 113.00 | 0 | 0 | 0.74 | 5.00 |
| Literature - American | 0 | 1 | 0 | 0 | 10 | 97 | 97.00 | 0 | 0 | 2.11 | 2.73 |
| Literature - European | 0 | 1 | 0 | 1 | 10 | 152 | 152.00 | 0 | 0 | 0.00 | 0.83 |
| Popular Culture | 0 | 1 | 0 | 0 | 10 | 14 | 14.00 | 1 | 1 | 44.70 | 50.00 |
| Fine Arts - Other | 0 | 1 | 0 | 0 | 10 | 114 | 114.00 | 0 | 0 | 1.56 | 5.83 |
| Literature - British | 0 | 0 | 0 | 0 | 0 | 0.00 | 0 | 0 | 0.00 | 0.00 |